Work improvement teams questions answers
| Format: | Book |
|---|---|
| Published: |
Singapore :
Management Services depart., Ministry of Finance and Civil Service Inst ,
1982
|
| Subjects: |
MARC
| LEADER | 00000cam a2200000 7i4500 | ||
|---|---|---|---|
| 001 | 0000008157 | ||
| 005 | 20160812.0 | ||
| 040 | |a INS | ||
| 090 | 0 | 0 | |a HD66 |b W67 1982 |
| 245 | 0 | 0 | |a Work improvement teams questions answers |c HR Hochstadt |
| 260 | |a Singapore : |b Management Services depart., Ministry of Finance and Civil Service Inst , |c 1982 | ||
| 300 | |a 57p : |b 21 cm | ||
| 650 | 0 | |a Quality circles |z Singapore | |
| 650 | 0 | |a Quality control |z Singapore | |
| 650 | 0 | 0 | |a Work councils |z Singapore |
| 999 | |a 0000022041 |b BOOK |c Open Shelf |e Default branch | ||